Score 0/25 Timer 03:00
2 Plays Today
Clue 4-Letter Word % Correct
SSB characters; Diddy ____ and Donkey ____
OR Chinese territory Hong ___
•KONG•
99.4%
SSB character, penguin that carries a mallet; ____ Dedede
OR Queen's mate
•KING•
97.6%
SSB character, sword-wielding hero in the Legend of Zelda
OR Part of a chain
•LINK•
96.6%
A circular band of metal for the fingerRING
95.9%
Green lemon-like fruitLIME
94.6%
Smooth area for skatingRINK
93.5%
Long, thin markLINE
91%
SSB character, black 2-D guy; Mr. ____ & Watch
OR Monopoly or hearts, e.g.
•GAME•
89.7%
Yellow precious metal and element on the Periodic TableGOLD
86.8%
Crippled or physically disabledLAME
86.2%
Game where small balls are driven into holes by clubsGOLF
86%
SSB character, rival of Fox McCloud; ____ O'Donnell
OR Lupine animal
•WOLF•
84.9%
Informed someoneTOLD
83.1%
Clue 4-Letter Word % Correct
High in statureTALL
82.3%
A narrative storyTALE
82.2%
A strong windGALE
80.8%
Charge for a long-distance phone callTOLL
80.5%
Small green plant growing in clusters on rocksMOSS
79.2%
Untidy conditionMESS
78.9%
A low barking sound from a dogWOOF
77.3%
Greatest in amount or numberMOST
77.1%
SSB character, young boy with psychic abilities
OR Eliot who chased Capone
•NESS•
73%
Solid substance under a tree's barkWOOD
72.9%
State of mindMOOD
64.2%
Irrelevant or unimportantMOOT
62.1%

Today's Daily Dose

Missing Word
Train Books

Word Ladder
Piano Man

Quick Pick
Google Products

Get the Picture
Moana or Coco

Remove Ads.
Support Sporcle.
Get the best of Sporcle when you Go Orange. This ad-free experience offers more features, more stats, and more fun while also helping to support Sporcle. Thank you for becoming a member.

You're not logged in!

Compare scores with friends on all Sporcle quizzes.
OR
Log In

Show Comments

Extras

Top Quizzes Today


Score Distribution

Your Account Isn't Verified!

In order to create a playlist on Sporcle, you need to verify the email address you used during registration. Go to your Sporcle Settings to finish the process.

Report this User

Report this user for behavior that violates our Community Guidelines.

Details: